00825nam a2200205 i 450000100060000000300090000600500170001500700030003200800410003510000420007624501270011826000730024530000590031850000260037765000260040365000270042985200230045699900170047995201230049659383ES-MaACL20230906164024.0t|031028s1903 sp ||||1| spa d1 aElola, José de (d1859-1933)94706810aPlanimetría de precisión o estudios topográficos de análisis planimétrico / cpor José de Elola y Gutiérrez. aMadrid : b[s.n.], c1903 (fEstab. Tip. "Sucesores de Rivadeneyra") a3 v. (682, 714 p., 52 h. de lám.) : bil. ; c26 cm. aEl vol.3 es un atlas. 4aTopografía.9136936 4aPlanímetros.9157006 aES-MaACLjA-854-56 c59383d59383 00104070aATENEOMbATENEOMcDEPO1d2008-01-17eSCl0oA-854-56p1062287r2023-02-23 00:00:00w2023-02-23yMONOGRAFIA